000 00743nam a22001817a 4500
001 1933
005 20221127090329.0
008 100413s lsu a r 00000 ara d
035 _a707
082 0 4 _a378.0025531
_bس403 ج
110 0 _aالسعودية.
_bوزارة التعليم العالي.
245 1 2 _aالجامعات السعودية /
_cوزارة التعليم العالي.
260 _aالرياض :
_bوزارة التعليم العالي،
_cد.ت.
300 _a201 ص. :
_bايض. ملونة ؛
_c23 سم.
500 _aبدون صفحة عنوان والبيانات من الغلاف.
650 4 _aالتعليم العالي
_zالسعودية
_vادلة.
650 4 _aالجامعات والكليات
_zالسعودية.
999 _c1931
_d1931